Akta Hasutan 1948 (Akta 15) & Sedition Act 1948 (Act 15) : (Hingga 15hb Februari 2004)

Bibliographic Details
Corporate Authors: Malaysia, International Law Book Services. Lembaga Penyelidikan Undang-Undang
Format: Book
Published: Petaling Jaya : ILBS , 2004
Subjects:

MARC

LEADER 00000cam a2200000 7i4500
001 0000018470
005 20201013.0
020 |a 9678911183 
040 |a INS 
090 0 0 |a KPG4444.A311948   |b M34 2004 
110 1 |a Malaysia 
240 0 0 |a [Akta Hasutan 1948 (Akta 15)] 
245 1 0 |a Akta Hasutan 1948 (Akta 15) & Sedition Act 1948 (Act 15) :   |b (Hingga 15hb Februari 2004)   |c disusun olwh Lembaga Penyelidikan Undang-Undang 
260 |a Petaling Jaya :   |b ILBS ,   |c 2004 
300 |a 24 p. :   |b 24 cm 
650 0 0 |a Sedition   |z Malaysia 
710 1 |a International Law Book Services. Lembaga Penyelidikan Undang-Undang 
740 0 |a Undang-Undang Malaysia 
999 |a 0000017787   |b BOOK   |c Acts   |e Default branch